ALL Cuphead Bosses - Statistics

General Stats
  • This quiz has been taken 27 times
  • The average score is 22 of 62
Answer Stats
Level Name Boss Inkwell Isle % Correct
Floral Fury Cagney Carnation I
88%
Ruse of an Ooze Goopy Le Grande I
82%
Threatenin' Zeppelin Hilda Berg I
82%
Sugarland Shimmy Baroness Von Bon Bon II
76%
Carnival Kerfuffle Beppi the Clown II
71%
Pyramid Peril Djimmi the Great II
71%
Clip Joint Calamity Ribby and Croaks I
71%
One Hell Of A Time The Devil Hell
71%
Fiery Frolic Grim Matchstick II
65%
Dramatic Fanatic Sally Stageplay III
65%
All Bets Are Off! King Dice Hell
59%
Aviary Action! Wally Warbles II
59%
High Seas Hi-Jinx Cala Maria III
53%
Honeycomb Herald Rumor Honeybottoms III
53%
A Dish To Die For Chef Saltbaker IV
47%
All Bets Are Off! Mangosteen Hell
47%
Botanic Panic! Ollie Bulb I
47%
Murine Corps Werner Werman III
47%
All Bets Are Off! Chips Bettigan Hell
41%
Junkyard Jive Dr. Kahl's Robot III
41%
All Bets Are Off! Pip and Dot Hell
41%
Botanic Panic! Sal Spudder I
41%
The King's Leap The Queen IV
41%
The King's Leap The Rook IV
41%
All Bets Are Off! Tipsy Troop Hell
41%
Shootin N' Lootin Captain Brineybeard III
35%
Botanic Panic! Chauncey Chantenay I
35%
Pyramid Peril Cuppet II
35%
All Bets Are Off! Mr. Chimes Hell
35%
All Bets Are Off! Phear Lap Hell
35%
The King's Leap The Bishop IV
35%
The King's Leap The Knight IV
35%
The King's Leap The Pawns IV
35%
One Hell Of A Dream Angel and Demon IV
29%
Botanic Panic! Horace Radiche I
29%
Murine Corps Katzenwagen III
29%
All Bets Are Off! Mr. Wheezy Hell
29%
All Bets Are Off! Pirouletta Hell
29%
Shootin N' Lootin The Ship III
29%
Aviary Action! Willy Warbles II
29%
Railroad Wrath Blind Specter III
24%
Railroad Wrath Conductor III
24%
Sugarland Shimmy Greedy Gumball II
24%
Railroad Wrath Head of the Train III
24%
All Bets Are Off! Hopus Pocus Hell
24%
Honeycomb Herald Security Bee III
24%
Railroad Wrath Lollipop Ghouls III
18%
Sugarland Shimmy Lord Gob Packer II
18%
Snow Cult Scuffle Mortimer Freeze IV
18%
Sugarland Shimmy Muffsky Chernikov II
18%
Sugarland Shimmy Weasely Waffle II
18%
Gnome Way Out Glumstone the Giant IV
12%
Doggone Dogfight Brigadier Bonegarde IV
6%
Sugarland Shimmy Coniving Candy Corn II
6%
High-Noon Hoopla Esther Winchester IV
6%
Bootlegger Boogie Hardtop Harold IV
6%
Bootlegger Boogie Sidney the Snout IV
6%
Doggone Dogfight Chinook Pilot Saluki IV
0%
Bootlegger Boogie Light Bug IV
0%
N/A Pachi-Pachi N/A
0%
Bootlegger Boogie Spider Mobster IV
0%
Doggone Dogfight Yankee Yippers IV
0%
No matching quizzes found
Score Distribution
Percent of People with Each Score
Percentile by Number Answered
Your Score History
You have not taken this quiz